| 000 | 00953cam a22003011i 4500 | ||
|---|---|---|---|
| 999 |
_c200429380 _d47304 |
||
| 001 | 1758236 | ||
| 003 | TR-AnTOB | ||
| 005 | 20241112151237.0 | ||
| 007 | ta | ||
| 008 | 800115s1972 tu a 000 0btur | ||
| 010 | _a 75587189 | ||
| 040 |
_aDLC _beng _erda _cDLC _dDLC _dTR-AnTOB |
||
| 041 | _atur | ||
| 050 | 0 | 4 |
_aDR592.C3 _bB89 1972 |
| 090 |
_aDR592.C3 _bB89 1972 |
||
| 245 | 1 | 0 |
_aBüyük Mareşal Fevzi Çakmakʾın askeri dehâsı, siyası̂ hayatı / _cderleyen, Sinan Omur. |
| 264 | 1 |
_aİstanbul : _bBahar Yayınevi, _c1972. |
|
| 300 |
_a208 pages : _billustrations ; _c20 cm. |
||
| 336 |
_atext _btxt _2rdacontent |
||
| 337 |
_aunmediated _bn _2rdamedia |
||
| 338 |
_avolume _bnc _2rdacarrier |
||
| 490 | 0 |
_aBahar Yayınları ; _v35 |
|
| 590 | _aDonated by Levent Kuşoğlu | ||
| 600 | 1 | 0 |
_aÇakmak, Fevzi, _d1876-1950 _9136500 |
| 700 | 1 |
_aOmur, Sinan _ecompiler _9119617 |
|
| 942 |
_2lcc _cBK |
||